[Event "Tehran WGP 2016"]
[Site "Tehran IRI"]
[Date "2016.02.17"]
[Round "6.5"]
[White "Batsiashvili, Nino"]
[Black "Khademalsharieh, Sarasadat"]
[Result "0-1"]
[WhiteTitle "IM"]
[BlackTitle "IM"]
[WhiteElo "2485"]
[BlackElo "2403"]
[WhiteFideId "13602993"]
[BlackFideId "12512214"]
[EventDate "2016.02.11"]

1. Nf3 d5 2. d4 Nf6 3. c4 e6 4. Nc3 Bb4 5. cxd5 exd5 6. Bg5 Nbd7 7. e3 h6 8. Bh4
g5 9. Bg3 Ne4 10. Qc2 h5 11. h4 Nxg3 12. fxg3 gxh4 13. Nxh4 Qg5 14. O-O-O c6 15.
Bd3 Nb6 16. Nf3 Qxg3 17. e4 Bxc3 18. bxc3 Be6 19. exd5 Nxd5 20. Rhe1 O-O-O 21.
c4 Qf4+ 22. Rd2 Nb4 23. Qb3 Nxd3+ 24. Qxd3 Bf5 25. Qa3 Kb8 26. Re7 Rhe8 27. Kb2
Rxe7 28. Qxe7 Qc7 29. Qc5 Qb6+ 30. Qxb6 axb6 31. Kc3 Re8 32. Rf2 Re3+ 33. Kb4
Bg4 34. Nh4 Be6 35. Nf5 Rd3 36. a4 Rd1 37. Kb3 Rb1+ 38. Kc2 Rb4 39. Ne3 Rxa4 40.
Kb3 Ra5 41. d5 cxd5 42. cxd5 Bxd5+ 43. Nxd5 Rxd5 44. Rxf7 Rg5 45. Rh7 Ka7 46.
Kb4 Ka6 47. Rh8 Rg4+ 48. Kb3 h4 49. Rh5 b5 50. Rh8 Kb6 51. Ka3 Kc5 52. Rc8+ Kd5
53. Rc2 Ke4 54. Rb2 Kf4 55. Rb4+ Kg3 56. Rxb5 Kxg2 57. Rxb7 h3 58. Rb2+ Kh1 59.
Rb1+ Rg1 60. Rb2 h2 61. Rc2 Rg3+ 62. Kb2 Rg2 0-1

[Event "Tehran WGP 2016"]
[Site "Tehran IRI"]
[Date "2016.02.17"]
[Round "6.6"]
[White "Zhukova, Natalia"]
[Black "Dzagnidze, Nana"]
[Result "0-1"]
[WhiteTitle "GM"]
[BlackTitle "GM"]
[WhiteElo "2484"]
[BlackElo "2529"]
[WhiteFideId "14101513"]
[BlackFideId "13601903"]
[EventDate "2016.02.11"]

1. d4 Nf6 2. c4 e6 3. Nf3 b6 4. g3 Bb7 5. Bg2 Be7 6. O-O O-O 7. Nc3 Ne4 8. Bd2
Nxd2 9. Qxd2 d6 10. d5 e5 11. e4 Bc8 12. Ne1 f5 13. exf5 Bxf5 14. Nd3 Bg5 15.
Qe2 Bh6 16. Ne4 a5 17. f4 exf4 18. Nxf4 Bxf4 19. Rxf4 Nd7 20. Nc3 Nc5 21. Raf1
Re8 22. Qd2 Bd3 23. R1f3 Bg6 24. Nb5 Qd7 25. Nd4 Be4 26. Rf7 Qxf7 27. Rxf7 Kxf7
28. Ne6 Bxg2 29. Nxc7 Bh3 30. g4 Kg8 31. Qc3 Bxg4 32. Nxa8 Rxa8 33. Qg3 h5 34.
h3 Bf5 35. Qxd6 Nd7 36. Qg3 Re8 37. Qf3 g6 38. a3 Re1+ 39. Kf2 Ne5 40. Qc3 Nd3+
41. Kg3 Rh1 42. Qf6 Rxh3+ 43. Kg2 h4 44. d6 Nf4+ 45. Kf2 Ne6 46. d7 Rd3 47. Qe7
Rd4 48. b4 axb4 49. axb4 h3 50. Kg3 Rd3+ 51. Kf2 h2 52. Qe8+ Nf8 0-1

[Event "Tehran WGP 2016"]
[Site "Tehran IRI"]
[Date "2016.02.18"]
[Round "7.1"]
[White "Dzagnidze, Nana"]
[Black "Batsiashvili, Nino"]
[Result "1-0"]
[WhiteTitle "GM"]
[BlackTitle "IM"]
[WhiteElo "2529"]
[BlackElo "2485"]
[WhiteFideId "13601903"]
[BlackFideId "13602993"]
[EventDate "2016.02.11"]

1. d4 d5 2. c4 e6 3. Nf3 Nf6 4. e3 Be7 5. Nbd2 O-O 6. b3 b6 7. Bb2 Bb7 8. cxd5
exd5 9. Bd3 Nbd7 10. O-O Bd6 11. Ne5 Ne4 12. Rc1 Qe7 13. Nxd7 Qxd7 14. Nb1 Qe7
15. Rc2 f5 16. g3 Rf6 17. Qc1 c6 18. Ba3 Bxa3 19. Qxa3 Qxa3 20. Nxa3 a5 21. Rfc1
Kf8 22. Nb1 Ke7 23. f3 Ng5 24. Kf2 Kd7 25. Nc3 Ne6 26. Na4 Kc7 27. f4 Nd8 28.
Nc3 Kd6 29. Na4 Kc7 30. Nc3 Kd6 31. Ne2 Ba6 32. Bxa6 Rxa6 33. Ng1 Rf7 34. Nf3
Rc7 35. h3 h5 36. Rg1 Raa7 37. g4 hxg4 38. hxg4 fxg4 39. Rxg4 Rf7 40. Rc1 Rf6
41. Rcg1 Ne6 42. Ng5 Re7 43. Nxe6 Rfxe6 44. Rg6 Rxg6 45. Rxg6+ Kd7 46. Kf3 Kc7
47. f5 Rf7 48. Kf4 Re7 49. a3 Re4+ 50. Kf3 Re7 51. b4 axb4 52. axb4 Kb7 53. Kf4
Kc7 54. Rg3 Kb7 55. Rg6 Kc7 56. Kg5 Kb7 57. Re6 Rc7 58. Kg6 Ka6 59. Re8 Kb5 60.
Rg8 Re7 61. Rxg7 Rxe3 62. f6 Kxb4 63. f7 Rf3 64. Rg8 c5 65. dxc5 bxc5 66. f8=Q
Rxf8 67. Rxf8 c4 68. Kf5 c3 69. Kf4 Kc4 70. Ke3 d4+ 71. Ke4 Kb3 72. Kd3 Kb2 73.
Rb8+ Kc1 74. Rb7 1-0

[Event "Tehran WGP 2016"]
[Site "Tehran IRI"]
[Date "2016.02.18"]
[Round "7.2"]
[White "Harika, Dronavalli"]
[Black "Zhukova, Natalia"]
[Result "1/2-1/2"]
[WhiteTitle "GM"]
[BlackTitle "GM"]
[WhiteElo "2511"]
[BlackElo "2484"]
[WhiteFideId "5015197"]
[BlackFideId "14101513"]
[EventDate "2016.02.11"]

1. c4 c6 2. e4 d5 3. exd5 cxd5 4. cxd5 Nf6 5. Qa4+ Nbd7 6. Nc3 g6 7. Nf3 Bg7 8.
Bc4 O-O 9. d3 a6 10. Qa3 b6 11. O-O Bb7 12. Re1 Re8 13. Ng5 b5 14. Bb3 Nb6 15.
d6 e6 16. Nge4 Nfd7 17. Qa5 Qb8 18. Bf4 h6 19. Rac1 Bc6 20. Nd1 Bd5 21. Qd2 Bxb3
22. axb3 g5 23. Bg3 f5 24. Nxg5 hxg5 25. Qxg5 Qd8 26. Qh5 Qf6 27. Rc7 e5 28. Ne3
Rf8 29. Rec1 Qf7 30. Qg5 Qf6 31. Qh5 Qf7 32. Qg5 Qf6 1/2-1/2

[Event "Tehran WGP 2016"]
[Site "Tehran IRI"]
[Date "2016.02.18"]
[Round "7.3"]
[White "Cramling, Pia"]
[Black "Zhao, Xue"]
[Result "0-1"]
[WhiteTitle "GM"]
[BlackTitle "GM"]
[WhiteElo "2521"]
[BlackElo "2506"]
[WhiteFideId "1700030"]
[BlackFideId "8601283"]
[EventDate "2016.02.11"]

1. d4 Nf6 2. Nf3 e6 3. g3 b5 4. Bg2 d5 5. O-O Nbd7 6. c3 Be7 7. a4 b4 8. c4 c6
9. Bf4 Ba6 10. Nbd2 Nh5 11. Be3 O-O 12. Rc1 Rc8 13. Ne1 Nhf6 14. Bg5 c5 15. dxc5
dxc4 16. c6 Nb8 17. Nef3 c3 18. bxc3 bxc3 19. Rxc3 Nd5 20. c7 Rxc7 21. Rxc7 Qxc7
22. Nb1 Rd8 23. Bxe7 Nxe7 24. Qc1 Qxc1 25. Rxc1 Bxe2 26. Nc3 Bxf3 27. Bxf3 Rd7
28. Ne4 f6 29. Rb1 Na6 30. a5 Nd5 31. Rc1 Rc7 32. Re1 Rc6 33. Nd2 Kf7 34. Nb3
Nac7 35. Nd4 Rc5 36. Rb1 e5 37. Nf5 g6 38. Nd6+ Ke6 39. Ne4 Rxa5 40. Rc1 Ke7 41.
Nc5 Ra3 42. Be2 Rc3 43. Rxc3 Nxc3 44. Bc4 a5 45. Kf1 a4 46. Ke1 Kd6 47. Nd3 e4
48. Nc1 N7d5 49. Kd2 Kc5 50. Ba6 Kd4 51. Bc8 Nb4 52. Be6 Nd3 0-1

[Event "Tehran WGP 2016"]
[Site "Tehran IRI"]
[Date "2016.02.18"]
[Round "7.5"]
[White "Pogonina, Natalija"]
[Black "Koneru, Humpy"]
[Result "1-0"]
[WhiteTitle "WGM"]
[BlackTitle "GM"]
[WhiteElo "2454"]
[BlackElo "2583"]
[WhiteFideId "4147855"]
[BlackFideId "5008123"]
[EventDate "2016.02.11"]

1. d4 Nf6 2. c4 e6 3. g3 d5 4. Nf3 dxc4 5. Bg2 Bd7 6. Ne5 Bc6 7. Nxc6 Nxc6 8.
O-O Qd7 9. e3 O-O-O 10. Nd2 h5 11. Nxc4 Nd5 12. a3 h4 13. b4 f6 14. b5 Nce7 15.
a4 hxg3 16. hxg3 g5 17. Bd2 Kb8 18. Qe2 Qe8 19. e4 Nb6 20. Nxb6 cxb6 21. Rfc1
Nc8 22. e5 Bg7 23. a5 fxe5 24. dxe5 Qh5 25. Qc4 Bxe5 26. Bc3 Bxc3 27. Qxc3 Qh2+
28. Kf1 Qh7 29. Qe5+ Nd6 30. axb6 axb6 31. Ra3 Qh1+ 32. Bxh1 Rxh1+ 33. Kg2 Rxc1
34. Qxg5 Rdc8 35. Qe5 Rd1 36. Qxe6 Nxb5 37. Rb3 Nd6 38. Rxb6 Nc4 39. Rb4 Rd4 40.
Qe7 Rc7 41. Qf8+ Rc8 42. Rxb7+ 1-0

[Event "Tehran WGP 2016"]
[Site "Tehran IRI"]
[Date "2016.02.18"]
[Round "7.6"]
[White "Khademalsharieh, Sarasadat"]
[Black "Gunina, Valentina"]
[Result "1-0"]
[WhiteTitle "IM"]
[BlackTitle "GM"]
[WhiteElo "2403"]
[BlackElo "2496"]
[WhiteFideId "12512214"]
[BlackFideId "4167570"]
[EventDate "2016.02.11"]

1. d4 d5 2. c4 c6 3. cxd5 cxd5 4. Bf4 Nc6 5. e3 Nf6 6. Nc3 Bg4 7. Qb3 Na5 8.
Qa4+ Bd7 9. Qc2 e6 10. Bd3 Be7 11. h3 Ne4 12. Nge2 f5 13. O-O Rc8 14. f3 Nd6 15.
e4 dxe4 16. fxe4 O-O 17. Rae1 Nxe4 18. Bxe4 fxe4 19. Qxe4 Rf6 20. Be5 Rxf1+ 21.
Rxf1 Nc4 22. Qxb7 Rc6 23. Qb8 Bc8 24. Qb5 Qe8 25. d5 exd5 26. Bd4 Be6 27. Nxd5
Bd6 28. Ndf4 Bf7 29. Qg5 Ne5 30. Ng3 h6 31. Qf5 Rc4 32. Bc3 Nc6 33. Nfh5 Rc5 34.
Nf6+ gxf6 35. Qxf6 Rxc3 36. Qxd6 Qe3+ 37. Kh2 Rd3 38. Qc7 Bg6 39. Rf6 Ne5 40.
Qb8+ Kh7 41. Nf1 Qg5 42. Qxa7+ Rd7 43. Qf2 Kg7 44. Ra6 Nd3 45. Qe3 Nf4 46. Ng3
Rd3 47. Ra7+ Bf7 48. Nh5+ Nxh5 49. Qxd3 Qe5+ 50. g3 Qxb2+ 51. Kh1 Qf2 52. Qc3+
Kg8 53. Ra8+ Kh7 54. Rh8+ Kg6 55. Qd3+ Kg7 56. Qh7+ Kf6 57. Qxh6+ Ke7 58. Qf8+
Ke6 59. Qc8+ Kf6 60. Qc6+ Kg5 61. Qh6+ Kf5 62. Qxh5+ Ke4 63. Qg4+ Kd5 64. Rd8+
Kc5 65. Qc8+ Kb4 66. Qb7+ Ka3 67. Ra8+ 1-0

[Event "Tehran WGP 2016"]
[Site "Tehran IRI"]
[Date "2016.02.19"]
[Round "8.1"]
[White "Batsiashvili, Nino"]
[Black "Gunina, Valentina"]
[Result "0-1"]
[WhiteTitle "IM"]
[BlackTitle "GM"]
[WhiteElo "2485"]
[BlackElo "2496"]
[WhiteFideId "13602993"]
[BlackFideId "4167570"]
[EventDate "2016.02.11"]

1. Nf3 d5 2. c4 c6 3. e3 Nf6 4. Nc3 a6 5. b3 Bg4 6. Be2 e6 7. Bb2 Nbd7 8. h3 Bh5
9. g4 Bg6 10. Nh4 b5 11. Nxg6 hxg6 12. Qc2 Bd6 13. g5 Nh5 14. h4 Qe7 15. a4 bxc4
16. bxc4 O-O 17. a5 Rab8 18. Na4 e5 19. c5 Nxc5 20. Nxc5 Bxc5 21. Bxa6 f5 22.
Be2 e4 23. Qc3 f4 24. Qe5 Qf7 25. Rf1 Rfe8 26. Qc3 Bb4 27. Qc2 f3 28. Bd1 Nf4
29. exf4 e3 30. fxe3 Qxf4 31. Bxf3 Rxe3+ 32. Kd1 Rxf3 33. Re1 Rf1 34. Qd3 Rxe1+
35. Kxe1 Qg4 36. Qd4 Re8+ 37. Kf1 Qf3+ 38. Kg1 Bc5 39. Qxc5 Re2 0-1

[Event "Tehran WGP 2016"]
[Site "Tehran IRI"]
[Date "2016.02.19"]
[Round "8.2"]
[White "Koneru, Humpy"]
[Black "Khademalsharieh, Sarasadat"]
[Result "1/2-1/2"]
[WhiteTitle "GM"]
[BlackTitle "IM"]
[WhiteElo "2583"]
[BlackElo "2403"]
[WhiteFideId "5008123"]
[BlackFideId "12512214"]
[EventDate "2016.02.11"]

1. Nf3 d5 2. d4 Nf6 3. c4 e6 4. Nc3 Bb4 5. Bg5 dxc4 6. e4 c5 7. e5 cxd4 8. Nxd4
Qa5 9. exf6 Bxc3+ 10. bxc3 Qxg5 11. fxg7 Qxg7 12. Qd2 O-O 13. Bxc4 Nd7 14. O-O
Nb6 15. Bb3 e5 16. Ne2 Bg4 17. f3 Rad8 18. Qe3 Bf5 19. Rad1 Kh8 20. Rxd8 Rxd8
21. f4 Bd3 22. Rd1 Rg8 23. Ng3 exf4 24. Qxf4 Bg6 25. Qf3 Rc8 26. c4 Qf8 27. Qxb7
Qc5+ 28. Kh1 a5 29. Ne4 Qc6 30. Qxc6 Rxc6 31. Rd8+ Kg7 32. Nd2 a4 33. Bd1 Re6
34. Nf3 Rc6 35. Nd2 Re6 36. Nf3 Rc6 37. Rd4 Bb1 38. a3 Rxc4 39. Kg1 Rc3 40. Bxa4
Rxa3 41. Be8 Bg6 42. h4 Ra8 43. Bb5 Ra5 44. Be2 1/2-1/2

[Event "Tehran WGP 2016"]
[Site "Tehran IRI"]
[Date "2016.02.19"]
[Round "8.4"]
[White "Zhao, Xue"]
[Black "Ju, Wenjun"]
[Result "1/2-1/2"]
[WhiteTitle "GM"]
[BlackTitle "GM"]
[WhiteElo "2506"]
[BlackElo "2558"]
[WhiteFideId "8601283"]
[BlackFideId "8603006"]
[EventDate "2016.02.11"]

1. d4 Nf6 2. c4 e6 3. Nf3 d5 4. Nc3 c5 5. cxd5 cxd4 6. Qa4+ Bd7 7. Qxd4 exd5 8.
Bg5 Nc6 9. Qd3 Be6 10. e3 Be7 11. Be2 h6 12. Bh4 O-O 13. O-O Qb6 14. a3 Qb3 15.
Nd2 Qb6 16. Nf3 Qb3 17. Nd2 Qb6 18. Nf3 Qb3 1/2-1/2

[Event "Tehran WGP 2016"]
[Site "Tehran IRI"]
[Date "2016.02.19"]
[Round "8.5"]
[White "Zhukova, Natalia"]
[Black "Cramling, Pia"]
[Result "0-1"]
[WhiteTitle "GM"]
[BlackTitle "GM"]
[WhiteElo "2484"]
[BlackElo "2521"]
[WhiteFideId "14101513"]
[BlackFideId "1700030"]
[EventDate "2016.02.11"]

1. c4 e5 2. Nc3 Bb4 3. g3 Nf6 4. Nf3 Nc6 5. Bg2 O-O 6. O-O h6 7. Nd5 Bd6 8. d3
Nxd5 9. cxd5 Nd4 10. Nd2 c6 11. Nc4 Bb8 12. b3 cxd5 13. Bxd5 d6 14. Bb2 Nc6 15.
d4 Bh3 16. Re1 Qd7 17. Qd2 Bc7 18. Rac1 Rac8 19. Bxc6 Qxc6 20. e4 Qb5 21. Qe2 d5
22. exd5 Qxd5 23. Ne3 Qd7 24. dxe5 Bb6 25. Rcd1 Qc6 26. Nd5 Rfe8 27. Nf4 Bf5 28.
Rd6 Qc2 29. Rd2 Qc6 30. Rd6 Qc2 31. Rd2 Qc6 32. b4 Qa4 33. a3 Qb3 34. Nd5 Rc2
35. Rxc2 Bxc2 36. Nxb6 axb6 37. Bd4 Bf5 38. Qb5 Re6 39. Kg2 Rc6 40. Re3 Qd1 41.
Bc3 Qc2 42. Be1 Qb1 43. Qd5 Rc1 44. Qd2 Be4+ 45. Kg1 Bc6 46. Qe2 Bd5 47. Qd2 Rd1
48. Qc3 b5 49. Re2 Qf5 50. e6 fxe6 51. Qe3 Bc4 52. Rb2 Qh3 53. Re2 Bxe2 54. Qxe2
Rb1 55. f3 Qf5 56. Kg2 Rb3 57. Bf2 Rxa3 58. f4 Qd5+ 59. Kh3 Ra2 60. Qe3 Rb2 61.
Qe1 Kf7 62. g4 Qf3+ 63. Bg3 h5 0-1

[Event "Tehran WGP 2016"]
[Site "Tehran IRI"]
[Date "2016.02.19"]
[Round "8.6"]
[White "Dzagnidze, Nana"]
[Black "Harika, Dronavalli"]
[Result "1-0"]
[WhiteTitle "GM"]
[BlackTitle "GM"]
[WhiteElo "2529"]
[BlackElo "2511"]
[WhiteFideId "13601903"]
[BlackFideId "5015197"]
[EventDate "2016.02.11"]

1. d4 g6 2. Nf3 Bg7 3. c4 Nf6 4. g3 O-O 5. Bg2 d6 6. Nc3 Nbd7 7. O-O e5 8. b3
Re8 9. e4 exd4 10. Nxd4 Nc5 11. f3 a5 12. Be3 Bd7 13. Qd2 Qc8 14. Ndb5 h5 15.
Rad1 Bc6 16. Rfe1 Nfd7 17. Bd4 h4 18. f4 hxg3 19. hxg3 Nf6 20. e5 Nh5 21. Bxc5
dxc5 22. Qf2 g5 23. Nd5 Bxd5 24. cxd5 Ra6 25. d6 cxd6 26. Nxd6 Rxd6 27. Rxd6
gxf4 28. gxf4 Qf5 29. Re4 Bf8 30. Rd3 Re6 31. Rh3 Rg6 32. Qf3 Rg4 33. e6 fxe6
34. Re5 Qb1+ 35. Kh2 Nf6 36. Rxe6 Rg6 37. Rg3 Kf7 38. Rxg6 Qxg6 39. f5 Qh6+ 40.
Kg1 Qc1+ 41. Bf1 Bg7 42. Qxb7+ Kg8 43. Qb8+ Kh7 44. Qg3 Qa1 45. Rd6 1-0

[Event "Tehran WGP 2016"]
[Site "Tehran IRI"]
[Date "2016.02.21"]
[Round "9.1"]
[White "Harika, Dronavalli"]
[Black "Batsiashvili, Nino"]
[Result "1/2-1/2"]
[WhiteTitle "GM"]
[BlackTitle "IM"]
[WhiteElo "2511"]
[BlackElo "2485"]
[WhiteFideId "5015197"]
[BlackFideId "13602993"]
[EventDate "2016.02.11"]

1. d4 d5 2. Bg5 Nf6 3. e3 c6 4. Bd3 Bg4 5. Ne2 Nbd7 6. f3 Bh5 7. g4 Bg6 8. Nbc3
e5 9. Bxg6 hxg6 10. Qd2 Qa5 11. e4 Bb4 12. Bxf6 gxf6 13. exd5 cxd5 14. a3 Nb6
15. Rd1 Bxc3 16. Qxc3 Qxc3+ 17. Nxc3 O-O-O 18. b3 Rh3 19. O-O e4 20. Rd2 Rdh8
21. Nd1 exf3 22. Rdf2 R8h4 23. Ne3 f5 24. Rxf3 Rxh2 25. gxf5 g5 26. Rg3 Rh1+ 27.
Kf2 Rf4+ 28. Ke2 Rhxf1 29. Nxf1 f6 30. Ne3 Rxd4 31. Rg4 Rxg4 32. Nxg4 Nd7 33.
Ke3 Kc7 34. Kd4 Kd6 35. Ne3 Nb6 36. Ng4 Nd7 37. Ne3 Nb6 38. Ng4 Nd7 1/2-1/2

[Event "Tehran WGP 2016"]
[Site "Tehran IRI"]
[Date "2016.02.21"]
[Round "9.2"]
[White "Cramling, Pia"]
[Black "Dzagnidze, Nana"]
[Result "1-0"]
[WhiteTitle "GM"]
[BlackTitle "GM"]
[WhiteElo "2521"]
[BlackElo "2529"]
[WhiteFideId "1700030"]
[BlackFideId "13601903"]
[EventDate "2016.02.11"]

1. Nf3 Nf6 2. c4 e6 3. Nc3 d5 4. d4 dxc4 5. e3 a6 6. a4 c5 7. Bxc4 Nc6 8. O-O
cxd4 9. exd4 Be7 10. Bg5 O-O 11. Qd2 Qa5 12. Rfd1 Rd8 13. Rac1 Bd7 14. Qe2 Be8
15. Bxf6 Bxf6 16. d5 exd5 17. Nxd5 Rd6 18. b3 h6 19. h3 Rad8 20. Nxf6+ Rxf6 21.
Rxd8 Qxd8 22. Rd1 Qc8 23. Ne5 Nxe5 24. Qxe5 Kf8 25. Re1 Qd8 26. Qe4 g6 27. Qxb7
Kg7 28. Qe7 Qxe7 29. Rxe7 Kf8 30. Ra7 Rd6 31. Rxa6 Rd1+ 32. Kh2 h5 33. Ra7 h4
34. a5 Rd2 35. f3 f5 36. Rc7 g5 37. a6 Bh5 38. Kg1 1-0

[Event "Tehran WGP 2016"]
[Site "Tehran IRI"]
[Date "2016.02.21"]
[Round "9.3"]
[White "Ju, Wenjun"]
[Black "Zhukova, Natalia"]
[Result "1/2-1/2"]
[WhiteTitle "GM"]
[BlackTitle "GM"]
[WhiteElo "2558"]
[BlackElo "2484"]
[WhiteFideId "8603006"]
[BlackFideId "14101513"]
[EventDate "2016.02.11"]

1. d4 d5 2. c4 c6 3. Nf3 Nf6 4. e3 e6 5. Nbd2 c5 6. b3 cxd4 7. exd4 Nc6 8. Bb2
Be7 9. Rc1 O-O 10. Bd3 dxc4 11. bxc4 e5 12. d5 Nb4 13. Bb1 e4 14. Nxe4 Nxe4 15.
Bxe4 Nxa2 16. Ra1 Bb4+ 17. Kf1 Nc3 18. Bxh7+ Kxh7 19. Qd3+ Kg8 20. Bxc3 Bxc3 21.
Qxc3 b5 22. Nd4 bxc4 23. Nc6 Qd6 24. Re1 Be6 25. Qxc4 Rac8 26. dxe6 Rxc6 27.
exf7+ Rxf7 28. Re8+ Kh7 29. Qe4+ Qg6 30. Qh4+ Qh6 31. Qxh6+ Kxh6 32. g3 a5 33.
Kg2 Rc2 34. Rf1 a4 35. Re3 Ra2 36. Rf3 Ra7 37. Rb1 a3 38. Rbb3 Rxf2+ 39. Rxf2 a2
40. Rb6+ g6 41. Rf1 a1=Q 42. Rxa1 Rxa1 43. h4 Ra2+ 44. Kh3 Ra3 45. Rb4 Rc3 46.
Kg4 Ra3 47. Re4 Rb3 48. Kf4 Rb6 49. Re3 Kh5 50. Re5+ Kh6 51. g4 Ra6 52. Kf3 Rb6
53. Re8 Rb3+ 54. Kf4 Rb4+ 55. Re4 Rb6 56. Ke5 Ra6 57. Kd5 Ra5+ 58. Ke6 Ra6+ 59.
Kf7 Ra7+ 60. Kf8 Ra8+ 61. Kf7 Ra7+ 62. Kf6 Ra6+ 63. Re6 Ra4 64. g5+ Kh5 65. Re7
Rf4+ 66. Kg7 Rxh4 67. Re6 Kxg5 68. Rxg6+ 1/2-1/2

[Event "Tehran WGP 2016"]
[Site "Tehran IRI"]
[Date "2016.02.21"]
[Round "9.4"]
[White "Pogonina, Natalija"]
[Black "Zhao, Xue"]
[Result "0-1"]
[WhiteTitle "WGM"]
[BlackTitle "GM"]
[WhiteElo "2454"]
[BlackElo "2506"]
[WhiteFideId "4147855"]
[BlackFideId "8601283"]
[EventDate "2016.02.11"]

1. d4 f5 2. c4 Nf6 3. Nf3 g6 4. g3 Bg7 5. Bg2 d6 6. O-O O-O 7. Nc3 Qe8 8. b3 e5
9. dxe5 dxe5 10. Ba3 Rf7 11. e4 f4 12. Qc2 Nc6 13. Ng5 Rd7 14. Nd5 Nd4 15. Qb2
Nh5 16. Rad1 c6 17. Nc3 Rd8 18. Ne2 fxg3 19. fxg3 Bg4 20. Nxd4 Bxd1 21. Nde6 Rd7
22. Nc5 Rd4 23. Nce6 Bg4 24. Nc7 Qd8 25. Nge6 Qd7 26. Nxd4 Qxc7 27. Nf3 Rd8 28.
Qf2 Nf6 29. Qxa7 Nxe4 30. Qe3 Bxf3 31. Rxf3 Nd6 32. Bxd6 Qxd6 33. Kh1 Qd2 34.
Qb6 e4 35. Rf2 Qd3 36. Rf1 e3 37. Re1 Qd2 38. Bf1 Rf8 0-1

[Event "Tehran WGP 2016"]
[Site "Tehran IRI"]
[Date "2016.02.21"]
[Round "9.6"]
[White "Gunina, Valentina"]
[Black "Koneru, Humpy"]
[Result "0-1"]
[WhiteTitle "GM"]
[BlackTitle "GM"]
[WhiteElo "2496"]
[BlackElo "2583"]
[WhiteFideId "4167570"]
[BlackFideId "5008123"]
[EventDate "2016.02.11"]

1. d4 Nf6 2. c4 e6 3. Nf3 d5 4. Nc3 Be7 5. Bg5 h6 6. Bh4 O-O 7. e3 b6 8. Qb3 Bb7
9. Bxf6 Bxf6 10. cxd5 exd5 11. Bd3 c5 12. dxc5 Nd7 13. Na4 Bc6 14. Bb5 Bxb5 15.
Qxb5 a6 16. Qe2 bxc5 17. O-O Qa5 18. Qc2 Rab8 19. Rad1 c4 20. Nd4 Rfc8 21. Nf5
Ne5 22. Rd4 Nd3 23. Rg4 h5 24. Rg3 Qc7 25. Qd1 g6 26. Nc3 Rd8 27. Qf3 Qe5 28. e4
d4 29. Nd5 Rxd5 30. exd5 Rxb2 31. d6 Nf4 32. Qa8+ Kh7 33. Qf8 Ne2+ 34. Kh1 Nxg3+
35. Nxg3 Qe6 36. Qa8 Qxd6 37. Ne4 Qe6 38. f4 Re2 39. Nxf6+ Qxf6 40. f5 Qxf5 41.
Kg1 Qe6 42. Qf8 Qe3+ 0-1

[Event "Tehran WGP 2016"]
[Site "Tehran IRI"]
[Date "2016.02.22"]
[Round "10.1"]
[White "Batsiashvili, Nino"]
[Black "Koneru, Humpy"]
[Result "1/2-1/2"]
[WhiteTitle "IM"]
[BlackTitle "GM"]
[WhiteElo "2485"]
[BlackElo "2583"]
[WhiteFideId "13602993"]
[BlackFideId "5008123"]
[EventDate "2016.02.11"]

1. d4 Nf6 2. c4 e6 3. Nc3 d5 4. Bg5 Be7 5. e3 h6 6. Bh4 O-O 7. Nf3 b6 8. Bd3 Bb7
9. O-O Nbd7 10. Bg3 c5 11. cxd5 exd5 12. Qc2 a6 13. Rad1 c4 14. Bf5 b5 15. a3
Qb6 16. Ne5 Rad8 17. Bh4 Rfe8 18. f4 Nf8 19. Rf3 Ne4 20. Bxe7 Rxe7 21. Nxe4 dxe4
22. Rg3 f6 23. Ng4 Kh8 24. Qe2 Bd5 25. Nf2 Qc6 26. Qh5 Bf7 27. Qg4 Be6 28. Bxe6
Nxe6 29. Qh5 Qe8 30. Qh3 Nc7 31. f5 Nd5 32. Rg4 a5 33. Re1 b4 34. axb4 axb4 35.
Qh4 c3 36. bxc3 bxc3 37. Rxe4 c2 38. Rxe7 Qxe7 39. Nd3 Qa3 40. Nc1 Qc3 41. Qf2
Nb4 42. Qe2 Ra8 43. Kf1 Ra5 44. g4 Kh7 45. h4 Na2 46. Kg2 Qc6+ 47. Qf3 Qc3 48.
Qe2 Qb2 49. Qd2 Qb7+ 50. Kf2 Nb4 51. e4 Ra3 52. Re3 Ra1 53. g5 Qc7 54. g6+ Kg8
55. Kf3 Nc6 56. Rd3 Kf8 57. Kg2 Qe7 58. Re3 Qb4 59. Qxc2 Qxd4 60. Rc3 Rxc1 61.
Qxc1 Qxe4+ 62. Kg3 Qe5+ 63. Kg2 Qe4+ 64. Rf3 Ne5 65. Qc8+ Ke7 66. Qe6+ Kf8 67.
Qc8+ Ke7 68. Qe6+ 1/2-1/2

[Event "Tehran WGP 2016"]
[Site "Tehran IRI"]
[Date "2016.02.22"]
[Round "10.3"]
[White "Zhao, Xue"]
[Black "Khademalsharieh, Sarasadat"]
[Result "0-1"]
[WhiteTitle "GM"]
[BlackTitle "IM"]
[WhiteElo "2506"]
[BlackElo "2403"]
[WhiteFideId "8601283"]
[BlackFideId "12512214"]
[EventDate "2016.02.11"]

1. Nf3 d5 2. g3 Bg4 3. Bg2 c6 4. O-O Nd7 5. d4 e6 6. Nbd2 Ngf6 7. c4 Be7 8. b3
O-O 9. Bb2 a5 10. a3 Qc7 11. Rc1 Rfd8 12. h3 Bf5 13. cxd5 exd5 14. Nh4 Be6 15.
e3 Nf8 16. f4 Bd6 17. g4 Qe7 18. g5 Ne4 19. Nxe4 dxe4 20. f5 Qxg5 21. fxe6 fxe6
22. Qg4 Qxg4 23. hxg4 Bg3 24. Nf5 exf5 25. Rxf5 Re8 26. Bf1 Ne6 27. d5 cxd5 28.
Rxd5 Re7 29. a4 h6 30. Ba3 Rf7 31. Kg2 Bf4 32. Re1 Bxe3 33. Rf5 Rxf5 34. gxf5
Nf4+ 35. Kg3 Nh5+ 36. Kh3 Bg5 37. Rxe4 Rd8 38. Bc4+ Kh7 39. Bc5 Nf4+ 40. Kg3 Nd5
41. Kf3 Rc8 42. Bg1 Ne7 43. Re5 Nc6 44. Rb5 Bf6 45. Be6 Rd8 46. Rxb7 Rd1 47. Bf2
h5 48. Bf7 Ne5+ 49. Ke2 Rh1 50. Bd4 h4 51. Bxe5 Bxe5 52. Rb5 Bc3 53. Kf3 Rg1 54.
Rb8 Rg3+ 55. Kf4 Bd2+ 56. Ke5 h3 57. Bg6+ Kh6 58. Rd8 Re3+ 59. Kd4 Kg5 60. Kc4
Rc3+ 61. Kb5 Rxb3+ 62. Ka6 Bf4 63. Rh8 h2 64. Bf7 Rd3 65. Rh5+ Kg4 66. f6 Rd6+
67. Kxa5 Rxf6 68. Be8 Re6 69. Bf7 Re7 70. Bg6 Re1 71. Kb5 0-1

[Event "Tehran WGP 2016"]
[Site "Tehran IRI"]
[Date "2016.02.22"]
[Round "10.4"]
[White "Zhukova, Natalia"]
[Black "Pogonina, Natalija"]
[Result "1-0"]
[WhiteTitle "GM"]
[BlackTitle "WGM"]
[WhiteElo "2484"]
[BlackElo "2454"]
[WhiteFideId "14101513"]
[BlackFideId "4147855"]
[EventDate "2016.02.11"]

1. d4 Nf6 2. c4 e6 3. Nf3 d5 4. Nc3 Nbd7 5. Bf4 dxc4 6. e3 Nb6 7. Bxc4 Nxc4 8.
Qa4+ c6 9. Qxc4 Nd5 10. O-O Nxf4 11. exf4 Be7 12. Rfe1 O-O 13. Ne5 Qb6 14. Re2
Rd8 15. Rd1 Qb4 16. Qd3 Bd7 17. a3 Qb3 18. Re3 Be8 19. Rh3 g6 20. Qe2 Qb6 21.
Nxg6 fxg6 22. Qxe6+ Bf7 23. Qxe7 Rxd4 24. Qh4 h5 25. Rxd4 Qxd4 26. Re3 Kg7 27.
h3 Rd8 28. Re5 Rf8 29. Re7 b5 30. Ne4 Kh8 31. Qg5 Qxb2 32. f5 Qg7 33. f6 Qh7 34.
Qe5 g5 35. Nxg5 Qb1+ 36. Kh2 Qg6 37. Rxf7 1-0